000 00619nam a2200193 4500
001 2989
005 20181127170211.0
008 970529s1997 ii 000 1 eng
020 _a9781704613915
041 1 _aeng
_hben
100 0 _aMahasweta Debi,
_d1926-
240 1 0 _aHajara curasira ma.
_lEnglish
245 1 0 _aMother of 1084 /
_cMahasweta Devi ; translated and introduced by Samik Bandyopadhyay.
246 3 _aMother of one thousand eighty four
260 _aCalcutta :
_bSeagull Books,
_c2008.
300 _axix, 127 p. ;
_c22 cm.
650 _aFiction --India.
_v
_x
_y
_z
_2
700 1 _aBandyopadhyay, Samik,
_ctrans.
999 _c2402
_d2402